MDQL
is popping MORE tags! Check the
thread
!
Quizzes
Events
Quiz Creation
Community
Videos
Private Events
Remove Ads
Sign In
Join for FREE
Feedback
Dark Mode
Quiz Categories
Sports
Geography
Music
Movies
Television
Just For Fun
Miscellaneous
History
Literature
Language
Science
Gaming
Entertainment
Religion
Holiday
For Kids
Quiz Lab
Recent
Popular Today
Quiz Kudos Today
Editor Picks
Curator Picks
Quizzes by...
Day
Popularity
Type
Ratings
Length
Year
Community
Subscriptions
Recent Discussions
Orange Saloon
Badges
Playlists
Quests
Create
Leaderboards
Showdown
Live 5
Trivia Bingo
Activity
Puzzle Library
Sporcle Events
Private Events
Virtual Trivia
Globe League
Become a Host
Pub Owners
SporcleCon
Opinionation
Our Games
Videos
Blog
Mobile Apps
Partnerships
Remove Ads and Go Orange
Feedback
Television
TV Characters
TV Show
Sitcom
Network
Friends
Reality Shows
Cast
South Park
Star Trek
The Simpsons
Doctor Who
Television
TV Characters
TV Show
Sitcom
Network
Friends
Reality Shows
Cast
South Park
Star Trek
The Simpsons
Doctor Who
Random Quiz
Search Sporcle
×
Quiz Lab
Quiz Lab
Television
Africa
Type in answers that appear in a list
Type in answers that appear in a list
Classic
Best Score? Go Orange.
Survivor: Africa Boot Order Stats
Can you name the Survivor: Africa boot order?
By
Ronster123
3m
16 Questions
252 Plays
252 Plays
252 Plays
Comments
Comments
Give Quiz Kudos
Give Quiz Kudos
-
- Ratings
hide this ad
More Info
Forced Order
Answers have to be entered in order
Answers have to be entered in order
Minefield
Wrong answers will end the quiz
Wrong answers will end the quiz
Wrong Answers
Some wrong answers will appear in red
Some wrong answers will appear in red
Replay
Link that replays current quiz
Next Quiz
Link to next quiz in quiz playlist
You Got
0%
They Got
Avg Score
87%
Avg Friend Score
Upgrade to see
Score Distribution
Jump to the score distribution portion of the page
Score
0/16
Timer
03:00
0
Plays Today
Placement
Castaway
% Correct
16th
???
93.7%
12th
???
91.7%
15th
???
90.5%
14th
???
89.3%
13th
???
88.5%
10th
???
88.5%
Sole Survivor
???
87.7%
3rd
???
87.3%
Placement
Castaway
% Correct
11th
???
86.5%
4th
???
86.5%
Runner-
Up
???
86.5%
9th
???
85.7%
5th
???
85.7%
6th
???
85.3%
8th
???
84.9%
7th
???
84.9%
Quiz Playlist
Details
Report
Send in Message
Add To Playlist
More Info:
Answer in the order that each castaway left the game.
Classic:
Type in answers that appear in a list
Forced Order:
Answers have to be entered in order
Minefield:
Wrong answers will end the quiz
Wrong Answers:
Some wrong answers will appear in red
Last Updated: Jun 12, 2018
Quiz Scoreboard
CHALLENGE
Sign Up to Join the Scoreboard
Show All
Scores
Hide
Comments
May contain spoilers
Recently Published
Colored Red Africa Blitz
by spor1
Geography
30s
Find the 'City' Movie
by crazypaving
Movies
60s
5x2 Blitz: Bands
by SL_Kpop136
Music
30s
More to Explore
Quiz From the Vault
Featured Blog Post
14 Easter Pick-up Lines to Find Eggs With
hide this ad
You Might Also Like...
Tags
Africa Quiz
Survivor
Survivor Castaways
Today's Top Quizzes in Television
Browse Television
hide this ad
Today's Top Quizzes in Africa
Browse Africa
Top Contributed Quizzes in Television
1
Survivor Journey Challenge
2
Brooklyn Nine Nine Logic Puzzle (How-To-Play)
3
Phoebe Buffay Quotes
4
One Tree Hill Logic Puzzle
5
Survivor Logic Puzzle: Heroes vs. Villains
6
Survivor Trivia
7
Game of Thrones: Tywin Lannister Start to Finish
8
All US Survivor Seasons in Order
9
Emmerdale Characters (from August 2012)
10
Survivor Trivia #6: Criteria Quiz!
Explore More
Trending Topics
Marvel
Crossword
NBA
Kpop
Anime
Harry Potter
Disney
Country
NFL
Puzzle
WWE
Song
Pokémon
Soccer
The Office
hide this ad
More By:
Ronster123
Quiz
Plays
Rating
Category
Featured
Created
Survivor: All Stars Boot Order
539
Television
Apr 14, 2017
Guess The Big 4 Sport
483
3.75
Sports
Jul 16, 2015
Survivor: Heroes vs. Villains Boot Order
463
4.00
Television
Apr 9, 2018
Survivor: Borneo Boot Order
413
5.00
Television
Feb 19, 2017
Survivor: The Australian Outback Boot Order
370
5.00
Television
Feb 19, 2017
Go to Creator's Profile
Score Distribution
Quiz Creator Spotlight
Ronster123
Follow
Send a Message
Quizzes Created
-
Created Quiz Play Count
-
More By This Creator
Popular Quizzes Today
1
Find the 'City' Movie
2
Colored Red Africa Blitz
3
Find the US States - No Outlines Minefield
4
5x2 Blitz: Bands
5
The Countries of the World
6
Find the US States
7
US States
8
9x9 Crossword: Cartoon Network
More Television Quizzes
Bart's In Big Trouble
Published
Trending Quizzes
Colored Red Europe Blitz I
Colored Red Africa Blitz II
Colored Red Europe Blitz II
Colored Red Africa Blitz III
Colored Red Europe Blitz III
Recently Updated
2024 March Madness Bracket
pecheneg
Famous TV Couples
Peacemaker
Champions League XIs: Real Madrid
pecheneg
Largest US Cities 1790-2010
pecheneg
Rides in Walt Disney World
pecheneg
Most Oscar Losses (Acting)
pecheneg
Beyoncé Albums
pecheneg
Leaping Animals
pecheneg
Reality TV Shows (A-Z)
bhenderson79
Rickey Henderson's Hall of Fame Teammates
pecheneg
Trending Topics
Marvel
Crossword
Harry Potter
Kpop
Disney
Anime
NBA
The Office
Country
Puzzle
Pokémon
Song
Soccer
WWE
NFL
Your Account Isn't Verified!
In order to create a playlist on Sporcle, you need to verify the email address you used during registration. Go to your
Sporcle Settings
to finish the process.
Report this User
Report this user for behavior that violates our
Community Guidelines
.
Details:
Send Report
Go to the Sporcle.com Mobile Site →
Comments